[Event "GER-ch Seniors-A 20th"]
[Site "Erfurt"]
[Date "2008.08.06"]
[Round "2"]
[White "Mueller, Helmut1111"]
[Black "Karner, Irmgard"]
[Result "1/2-1/2"]
[WhiteElo "1767"]
[BlackElo "1591"]
[PlyCount "59"]
[EventDate "2008.08.05"]
[EventType "swiss"]
[EventRounds "9"]
[EventCountry "GER"]
[SourceTitle "CBM 126 Extra"]
[Source "ChessBase"]
[SourceDate "2008.11.05"]
[SourceVersion "1"]
[SourceVersionDate "2008.11.05"]
[SourceQuality "1"]

1. Nf3 d6 2. d4 Nf6 3. c4 c6 4. Nc3 g6 5. e4 Bg7 6. Be2 Bg4 7. Be3 Bxf3 8. Bxf3 0-0 9. 0-0 Nbd7 10. Qd2 Nb6 11. Be2 Qc7 12. Rac1 Nbd7 13. f4 e6 14. e5 Ne8 15. Ne4 h6 16. b4 b6 17. c5 d5 18. Nd6 b5 19. f5 exf5 20. Bxh6 Nxd6 21. cxd6 Qb6 22. Bxg7 Kxg7 23. Kh1 a5 24. a3 axb4 25. axb4 Ra3 26. Rf4 Raa8 27. Rh4 Rh8 28. Rxh8 Rxh8 29. Ra1 Rh4 30. Rd1 1/2-1/2

[Event "Niedersachsen-ch Seniors op 11th"]
[Site "Bad Bevensen"]
[Date "2008.07.14"]
[Round "7"]
[White "Karner, Irmgard"]
[Black "Kostka, Dietrich"]
[Result "1/2-1/2"]
[WhiteElo "1568"]
[BlackElo "1712"]
[PlyCount "31"]
[EventDate "2008.07.08"]
[EventType "swiss"]
[EventRounds "9"]
[EventCountry "GER"]
[SourceTitle "EXT 2022"]
[Source "ChessBase"]
[SourceDate "2021.10.06"]
[SourceVersion "1"]
[SourceVersionDate "2021.10.06"]
[SourceQuality "1"]

1. c4 c5 2. Nc3 e5 3. e4 Nc6 4. d3 d6 5. Nd5 Nd4 6. Ne2 Ne7 7. Nec3 Nxd5 8. Nxd5 Be7 9. Be2 f5 10. 0-0 0-0 11. f3 f4 12. Bd2 Be6 13. Nc3 Qd7 14. Be1 a6 15. Bf2 b5 16. b4 1/2-1/2

[Event "Niedersachsen-ch Seniors op 11th"]
[Site "Bad Bevensen"]
[Date "2008.07.13"]
[Round "6"]
[White "Fritsch, Juergen"]
[Black "Karner, Irmgard"]
[Result "1-0"]
[WhiteElo "1769"]
[BlackElo "1568"]
[PlyCount "81"]
[EventDate "2008.07.08"]
[EventType "swiss"]
[EventRounds "9"]
[EventCountry "GER"]
[SourceTitle "EXT 2022"]
[Source "ChessBase"]
[SourceDate "2021.10.06"]
[SourceVersion "1"]
[SourceVersionDate "2021.10.06"]
[SourceQuality "1"]

1. d4 Nf6 2. Bg5 g6 3. Bxf6 exf6 4. Nf3 d6 5. e3 Bg7 6. c3 c6 7. Qb3 Qc7 8. Bd3 Be6 9. Qa3 0-0 10. 0-0 Nd7 11. Nbd2 d5 12. b4 b5 13. Nb3 Rfe8 14. Qa5 Rec8 15. Nfd2 f5 16. Qxc7 Rxc7 17. a4 bxa4 18. Rxa4 Nb6 19. Raa1 Bf8 20. Na5 Be7 21. g3 Kg7 22. Kg2 Bd7 23. Ndb3 Be6 24. Nc5 Bc8 25. Nab3 Nd7 26. Ra5 Nxc5 27. Nxc5 Bxc5 28. Rxc5 a6 29. Ra1 Bb7 30. Rca5 Rcc8 31. Bxa6 Bxa6 32. Rxa6 Rxa6 33. Rxa6 h6 34. Kf3 g5 35. h4 g4+ 36. Ke2 f6 37. Kd3 Kf7 38. Kc2 Rc7 39. Ra8 h5 40. Kb3 Rb7 41. Ka4 1-0

[Event "Niedersachsen-ch Seniors op 11th"]
[Site "Bad Bevensen"]
[Date "2008.07.11"]
[Round "4"]
[White "Freerksen, Uwe"]
[Black "Karner, Irmgard"]
[Result "1/2-1/2"]
[WhiteElo "1262"]
[BlackElo "1568"]
[PlyCount "26"]
[EventDate "2008.07.08"]
[EventType "swiss"]
[EventRounds "9"]
[EventCountry "GER"]
[SourceTitle "EXT 2022"]
[Source "ChessBase"]
[SourceDate "2021.10.06"]
[SourceVersion "1"]
[SourceVersionDate "2021.10.06"]
[SourceQuality "1"]

1. d4 Nf6 2. Nc3 g6 3. Bf4 d6 4. e3 Bg7 5. Bd3 c6 6. Nf3 Bg4 7. h3 Bxf3 8. Qxf3 Nbd7 9. 0-0 0-0 10. Rfe1 e5 11. dxe5 Nxe5 12. Qd1 Re8 13. Rb1 d5 1/2-1/2

[Event "Niedersachsen-ch Seniors op 10th"]
[Site "Bad Bevensen"]
[Date "2007.07.11"]
[Round "9"]
[White "Karner, Irmgard"]
[Black "Janzen, Christian"]
[Result "1/2-1/2"]
[WhiteElo "1582"]
[BlackElo "1610"]
[PlyCount "45"]
[EventDate "2007.07.03"]
[EventType "swiss"]
[EventRounds "9"]
[EventCountry "GER"]
[SourceTitle "EXT 2022"]
[Source "ChessBase"]
[SourceDate "2021.10.06"]
[SourceVersion "1"]
[SourceVersionDate "2021.10.06"]
[SourceQuality "1"]

1. c4 e6 2. d4 d5 3. e3 f5 4. Bd2 Nf6 5. a3 c6 6. Nc3 g6 7. Nf3 Bg7 8. Qc2 0-0 9. g3 Re8 10. Ne5 Ne4 11. f4 Nxd2 12. Qxd2 Bxe5 13. fxe5 Nd7 14. c5 Nf8 15. Be2 Bd7 16. 0-0 Re7 17. Nd1 Rg7 18. Kh1 g5 19. Rg1 Be8 20. Nf2 h5 21. h3 Bg6 22. Bd3 g4 23. h4 1/2-1/2

[Event "Niedersachsen-ch Seniors op 10th"]
[Site "Bad Bevensen"]
[Date "2007.07.06"]
[Round "4"]
[White "Lueders, Guenter"]
[Black "Karner, Irmgard"]
[Result "1/2-1/2"]
[WhiteElo "1690"]
[BlackElo "1582"]
[PlyCount "58"]
[EventDate "2007.07.03"]
[EventType "swiss"]
[EventRounds "9"]
[EventCountry "GER"]
[SourceTitle "EXT 2022"]
[Source "ChessBase"]
[SourceDate "2021.10.06"]
[SourceVersion "1"]
[SourceVersionDate "2021.10.06"]
[SourceQuality "1"]

1. d4 Nf6 2. Nf3 g6 3. Bf4 Bg7 4. Nbd2 d6 5. h3 Nc6 6. e3 a6 7. c3 e6 8. Be2 0-0 9. 0-0 b6 10. Qc2 Bb7 11. Rfd1 Qe7 12. Bh2 e5 13. dxe5 Nxe5 14. Nxe5 dxe5 15. Bf3 Bxf3 16. Nxf3 Ne8 17. Qe4 Nd6 18. Qc6 Rac8 19. Rd5 f6 20. Rad1 Rfd8 21. Ne1 Qe8 22. Qxe8+ Rxe8 23. b3 b5 24. f3 Red8 25. e4 Nf7 26. Nc2 Rxd5 27. Rxd5 Bf8 28. Bg3 Bd6 29. Bf2 Nd8 1/2-1/2

[Event "Niedersachsen-ch Seniors op 10th"]
[Site "Bad Bevensen"]
[Date "2007.07.04"]
[Round "2"]
[White "Meyer, Walter"]
[Black "Karner, Irmgard"]
[Result "1/2-1/2"]
[WhiteElo "1649"]
[BlackElo "1582"]
[PlyCount "38"]
[EventDate "2007.07.03"]
[EventType "swiss"]
[EventRounds "9"]
[EventCountry "GER"]
[SourceTitle "EXT 2022"]
[Source "ChessBase"]
[SourceDate "2021.10.06"]
[SourceVersion "1"]
[SourceVersionDate "2021.10.06"]
[SourceQuality "1"]

1. c4 Nf6 2. Nc3 e5 3. g3 c6 4. Bg2 d5 5. d3 a6 6. Nf3 Be7 7. 0-0 Bg4 8. a3 a5 9. d4 Bxf3 10. Bxf3 Nbd7 11. e3 0-0 12. Rb1 Qc7 13. b4 Rfb8 14. Bd2 axb4 15. axb4 Ra3 16. Ra1 Rxa1 17. Qxa1 Nb6 18. Be2 Ra8 19. Qb2 Nbd7 1/2-1/2

[Event "Bayern-ch Seniors 18th"]
[Site "Schloss Schney"]
[Date "2006.07.01"]
[Round "7"]
[White "Karner, Irmgard"]
[Black "Zellner, Erwin"]
[Result "1/2-1/2"]
[WhiteElo "1575"]
[BlackElo "1613"]
[PlyCount "53"]
[EventDate "2006.06.25"]
[EventType "swiss"]
[EventRounds "9"]
[EventCountry "GER"]
[SourceTitle "EXT 2007"]
[Source "ChessBase"]
[SourceDate "2006.11.23"]
[SourceVersion "1"]
[SourceVersionDate "2006.11.23"]
[SourceQuality "1"]

1. d4 Nf6 2. Nf3 d5 3. e3 c6 4. Bd3 g6 5. b3 Bg7 6. Bb2 0-0 7. Nbd2 Re8 8. 0-0 Nbd7 9. c4 e6 10. h3 Qc7 11. Qc2 b6 12. Rac1 Bb7 13. cxd5 Nxd5 14. a3 Qd8 15. Rb1 Rc8 16. Qd1 Ne7 17. Ne4 Nf6 18. Nxf6+ Bxf6 19. Qe2 Qd7 20. Rfd1 Qc7 21. Rbc1 Qb8 22. Ba6 Rc7 23. Bxb7 Qxb7 24. b4 Rec8 25. Rc2 b5 26. Rdc1 a6 27. Nd2 1/2-1/2

[Event "Bayern-ch Seniors 17th"]
[Site "Schloss Schney"]
[Date "2005.06.18"]
[Round "9"]
[White "Zellner, Erwin"]
[Black "Karner, Irmgard"]
[Result "1/2-1/2"]
[WhiteElo "1681"]
[BlackElo "1569"]
[PlyCount "109"]
[EventDate "2005.06.10"]
[EventType "swiss"]
[EventRounds "9"]
[EventCountry "GER"]
[SourceTitle "EXT 2006"]
[Source "ChessBase"]
[SourceDate "2005.11.24"]
[SourceVersion "1"]
[SourceVersionDate "2005.11.24"]
[SourceQuality "1"]

1. e4 d6 2. d4 Nf6 3. Nc3 c6 4. Nf3 g6 5. Bd3 Bg7 6. 0-0 0-0 7. Ne2 Bg4 8. Ng3 Nbd7 9. h3 Bxf3 10. Qxf3 e5 11. c3 a6 12. Qe2 Qb6 13. Be3 Qc7 14. Rac1 Rac8 15. dxe5 dxe5 16. Qc2 c5 17. c4 a5 18. Ne2 b6 19. b3 Nh5 20. Nc3 Nf4 21. Bxf4 exf4 22. Nd5 Qd6 23. Be2 h5 24. Rcd1 Bd4 25. Nc3 Nf6 26. Nb5 Qe5 27. Nxd4 cxd4 28. f3 Rfd8 29. a4 h4 30. Bd3 Rc6 31. Rb1 Qc5 32. Qd2 Qe5 33. b4 axb4 34. Qxb4 Nd7 35. Rfd1 Nc5 36. Qa3 Ra8 37. Rb5 Qe7 38. a5 Rxa5 39. Rxa5 bxa5 40. Qxa5 Ra6 41. Qb4 Ra4 42. Qb8+ Kg7 43. Bf1 Ne6 44. Rb1 Ra7 45. Rb6 Qc7 46. Qxc7 Rxc7 47. Rb1 Kf6 48. Kf2 Nc5 49. Rb6+ Ke7 50. e5 Ra7 51. Rb5 Ra2+ 52. Be2 Ne6 53. Rb7+ Ke8 54. Rb8+ Kd7 55. Rb7+ 1/2-1/2

[Event "Bayern-ch Seniors 17th"]
[Site "Schloss Schney"]
[Date "2005.06.17"]
[Round "8"]
[White "Karner, Irmgard"]
[Black "Stadler, Lothar"]
[Result "0-1"]
[WhiteElo "1569"]
[BlackElo "1813"]
[PlyCount "120"]
[EventDate "2005.06.10"]
[EventType "swiss"]
[EventRounds "9"]
[EventCountry "GER"]
[SourceTitle "EXT 2006"]
[Source "ChessBase"]
[SourceDate "2005.11.24"]
[SourceVersion "1"]
[SourceVersionDate "2005.11.24"]
[SourceQuality "1"]

1. d4 Nf6 2. Nf3 e6 3. c4 d6 4. Nc3 Be7 5. e4 Nbd7 6. Be2 h6 7. h3 0-0 8. 0-0 a6 9. b3 b6 10. Bb2 Bb7 11. d5 Ne8 12. Rb1 c6 13. Nd4 cxd5 14. exd5 Nc7 15. Bf3 e5 16. Nc6 Qe8 17. Nxe7+ Qxe7 18. Ne4 f5 19. Ng3 Rf7 20. Re1 Raf8 21. Bh5 Rf6 22. f4 g6 23. fxe5 Nxe5 24. Bf3 Ne8 25. Bd4 Qc7 26. Rc1 R6f7 27. Bf2 Qd8 28. Qd4 Bc8 29. Be2 f4 30. Nh1 f3 31. Bf1 Bxh3 32. g3 Qd7 33. Rxe5 dxe5 34. Qh4 Bxf1 35. Kxf1 Qf5 36. Re1 Nd6 37. g4 Qd3+ 38. Kg1 Ne4 39. Qxh6 Nc3 40. Qe3 Ne2+ 41. Kf1 Ng3+ 42. Kg1 Qxe3 43. Rxe3 Nxh1 44. Kxh1 Rh7+ 45. Kg1 Rf4 46. Bg3 f2+ 47. Bxf2 Rxg4+ 48. Rg3 Rxg3+ 49. Bxg3 e4 50. Kf2 Rf7+ 51. Ke2 Kf8 52. Bf2 Rf6 53. Bd4 Rf3 54. Bxb6 g5 55. Bd4 g4 56. c5 g3 57. Bg1 g2 58. d6 Ke8 59. b4 Kd7 60. a4 Rf1 0-1

[Event "Bayern-ch Seniors 17th"]
[Site "Schloss Schney"]
[Date "2005.06.13"]
[Round "4"]
[White "Karner, Irmgard"]
[Black "Antusch, Ingrid"]
[Result "0-1"]
[WhiteElo "1569"]
[BlackElo "1414"]
[PlyCount "90"]
[EventDate "2005.06.10"]
[EventType "swiss"]
[EventRounds "9"]
[EventCountry "GER"]
[SourceTitle "EXT 2006"]
[Source "ChessBase"]
[SourceDate "2005.11.24"]
[SourceVersion "1"]
[SourceVersionDate "2005.11.24"]
[SourceQuality "1"]

1. Nf3 d5 2. d4 f5 3. b3 Nf6 4. Bb2 e6 5. e3 Bd6 6. Be2 0-0 7. 0-0 Nbd7 8. Nbd2 Ne4 9. c4 c6 10. a3 Qf6 11. g3 g5 12. Nxe4 fxe4 13. Nd2 Qh6 14. Bg4 Nf6 15. f4 exf3 16. Rxf3 Re8 17. Rf2 Nxg4 18. Qxg4 e5 19. Qf3 Rf8 20. Qe2 e4 21. Raf1 Bh3 22. Rxf8+ Bxf8 23. Rf2 Bd6 24. c5 Be7 25. Bc1 Qg6 26. g4 Qe6 27. Rf5 Rf8 28. Rxf8+ Bxf8 29. Nf1 Bxg4 30. Qf2 Bf3 31. Ng3 Qh3 32. Bd2 h5 33. Qf1 Qg4 34. Kf2 h4 35. Ne2 h3 36. Ng3 Bg2 37. Qe2 Bf3 38. Qf1 Be7 39. Ke1 Bd8 40. Qf2 Bc7 41. Kf1 Bxg3 42. hxg3 Bg2+ 43. Kg1 Qf3 44. Be1 g4 45. Qd2 Qf1+ 0-1

[Event "Bayern-ch Seniors 17th"]
[Site "Schloss Schney"]
[Date "2005.06.11"]
[Round "2"]
[White "Karner, Irmgard"]
[Black "Kraft, Hans"]
[Result "0-1"]
[WhiteElo "1569"]
[BlackElo "2027"]
[PlyCount "92"]
[EventDate "2005.06.10"]
[EventType "swiss"]
[EventRounds "9"]
[EventCountry "GER"]
[SourceTitle "EXT 2006"]
[Source "ChessBase"]
[SourceDate "2005.11.24"]
[SourceVersion "1"]
[SourceVersionDate "2005.11.24"]
[SourceQuality "1"]

1. Nf3 c5 2. g3 Nc6 3. c4 Nf6 4. Bg2 d5 5. cxd5 Nxd5 6. 0-0 e5 7. d3 Be7 8. Nc3 Be6 9. Bd2 0-0 10. b3 Rc8 11. Nxd5 Bxd5 12. Rc1 b6 13. Bc3 f5 14. e3 Bf6 15. Qd2 Qe7 16. e4 Nd4 17. Qe1 fxe4 18. dxe4 Bb7 19. Nd2 Ba6 20. Bxd4 Bxf1 21. Bxc5 Rxc5 22. Rxc5 Qxc5 23. Bxf1 Bg5 24. Bc4+ Kh8 25. Nf1 b5 26. Bd5 b4 27. Qe2 Bd8 28. Kg2 Bb6 29. Ne3 g6 30. Nd1 Kg7 31. Ne3 Qc1 32. Nd1 Bd4 33. Bc4 h5 34. h3 h4 35. g4 Qf4 36. Bd5 Rc8 37. Bc4 Rc6 38. Qd3 Qc1 39. Qe2 a5 40. Ne3 Bxe3 41. Qxe3 Qxe3 42. fxe3 a4 43. Kf3 Rxc4 44. bxc4 b3 45. axb3 axb3 46. Ke2 b2 0-1

[Event "Bayern-ch Seniors 17th"]
[Site "Schloss Schney"]
[Date "2005.06.10"]
[Round "1"]
[White "Karner, Irmgard"]
[Black "Kramar, Ilia"]
[Result "0-1"]
[WhiteElo "1569"]
[BlackElo "1966"]
[PlyCount "122"]
[EventDate "2005.06.10"]
[EventType "swiss"]
[EventRounds "9"]
[EventCountry "GER"]
[SourceTitle "EXT 2006"]
[Source "ChessBase"]
[SourceDate "2005.11.24"]
[SourceVersion "1"]
[SourceVersionDate "2005.11.24"]
[SourceQuality "1"]

1. c4 g6 2. Nc3 Bg7 3. d4 d6 4. Nf3 Nc6 5. e3 f5 6. g3 Nf6 7. Bg2 e6 8. 0-0 0-0 9. Nd2 e5 10. d5 Ne7 11. e4 Bd7 12. Nb3 b6 13. Bg5 h6 14. Bxf6 Rxf6 15. f3 g5 16. Qe2 f4 17. g4 Ng6 18. h3 Nh4 19. Nd2 Qe7 20. b3 h5 21. a4 a5 22. Rac1 Kf7 23. Rf2 Rh6 24. Bh1 Rah8 25. Rh2 Ng6 26. Nf1 R8h7 27. Rc2 Bf6 28. Qd1 Qe8 29. Rcf2 Qh8 30. Qe2 Ke7 31. Qc2 Ke8 32. Nb5 Bd8 33. Nc3 Nf8 34. Qe2 Bc8 35. Qc2 Nd7 36. Na2 Nf6 37. Qe2 Bd7 38. Nc3 hxg4 39. hxg4 Rh3 40. Rxh3 Rxh3 41. Rh2 Be7 42. Qg2 Rh4 43. Rxh4 gxh4 44. Qh3 Nh7 45. Nh2 Ng5 46. Qf1 h3 47. Qf2 Nf7 48. Nf1 Bh4 49. Qh2 Be1 50. Nd1 Bb4 51. Nd2 Qh4 52. Kf1 Qg3 53. Qe2 Ng5 54. Nf2 Qh2 55. Ke1 Qg1+ 56. Qf1 Bxd2+ 57. Ke2 Qxf1+ 58. Kxf1 Be3 59. Nd1 Bd4 60. Ke2 Ke7 61. Nf2 Kf6 0-1

[Event "Bayern-ch Seniors 16th"]
[Site "Schloss Schney"]
[Date "2004.06.09"]
[Round "4"]
[White "Karner, Irmgard"]
[Black "Maertin, Eberhard"]
[Result "0-1"]
[WhiteElo "1583"]
[BlackElo "1748"]
[PlyCount "84"]
[EventDate "2004.06.06"]
[EventType "swiss"]
[EventRounds "9"]
[EventCountry "GER"]
[SourceTitle "EXT 2006"]
[Source "ChessBase"]
[SourceDate "2005.11.24"]
[SourceVersion "1"]
[SourceVersionDate "2005.11.24"]
[SourceQuality "1"]

1. d4 Nf6 2. Nf3 e6 3. c4 d5 4. e3 b6 5. cxd5 exd5 6. Nc3 Bb7 7. g3 Bb4 8. Bd2 0-0 9. Bg2 Nbd7 10. a3 Bxc3 11. Bxc3 Re8 12. 0-0 Ne4 13. Rc1 Qf6 14. Nd2 Nxd2 15. Qxd2 Rac8 16. Rfd1 Qe6 17. Qd3 Nf6 18. b4 h6 19. Be1 Qg4 20. h3 Qd7 21. Qb3 Ne4 22. Kh2 Ng5 23. h4 Ne4 24. Bh3 f5 25. Bg2 Nf6 26. Bf3 g5 27. hxg5 hxg5 28. Kg1 Qh7 29. Kf1 Ba6+ 30. Rd3 Kg7 31. b5 Bb7 32. Bb4 a6 33. a4 axb5 34. axb5 c6 35. Bd6 Ne4 36. Be5+ Kg6 37. g4 fxg4 38. Bg2 Rf8 39. Bxe4+ dxe4 40. Qe6+ Kh5 41. Ke1 exd3 42. Kd2 Rxf2+ 0-1

[Event "Bayern-ch Seniors 15th"]
[Site "Schloss Schney"]
[Date "2003.06.19"]
[Round "7.18"]
[White "Zellner, Erwin"]
[Black "Karner, Irmgard"]
[Result "1/2-1/2"]
[WhiteElo "1643"]
[BlackElo "1740"]
[PlyCount "65"]
[EventDate "2003.06.13"]
[EventType "swiss"]
[EventRounds "9"]
[EventCountry "GER"]
[SourceTitle "EXT 2004"]
[Source "ChessBase"]
[SourceDate "2003.11.25"]
[SourceVersion "1"]
[SourceVersionDate "2003.11.25"]
[SourceQuality "1"]

1. d4 Nf6 2. c4 g6 3. Nc3 Bg7 4. e4 d6 5. Be2 c6 6. Nf3 Bg4 7. 0-0 Nbd7 8. Be3 Bxf3 9. Bxf3 0-0 10. Rc1 Rc8 11. Qd2 a6 12. Rc2 c5 13. Be2 Qc7 14. Rfc1 b6 15. d5 Kh8 16. h3 Ng8 17. Bg4 Rcd8 18. Bxd7 Qxd7 19. Qe2 f6 20. b3 Bh6 21. Nd1 Bg7 22. Nc3 Nh6 23. f3 Nf7 24. Na4 Rb8 25. Nb2 Qc7 26. a4 Ne5 27. Nd3 Nxd3 28. Qxd3 a5 29. g4 Rf7 30. Rg2 Qd7 31. Bd2 Kg8 32. Bc3 Bh6 33. Bd2 1/2-1/2

[Event "Bad Sooden-Allendorf Seniors op 15th"]
[Site "Bad Sooden-Allendorf"]
[Date "2003.05.06"]
[Round "8"]
[White "Karner, Irmgard"]
[Black "Schindhelm, Kurt"]
[Result "1/2-1/2"]
[WhiteElo "2171"]
[BlackElo "1657"]
[PlyCount "80"]
[EventDate "2003.05.??"]
[EventType "swiss"]
[EventRounds "9"]
[EventCountry "GER"]
[SourceTitle "EXT 2006"]
[Source "ChessBase"]
[SourceDate "2005.11.24"]
[SourceVersion "1"]
[SourceVersionDate "2005.11.24"]
[SourceQuality "1"]

1. d4 d5 2. e3 e6 3. Nf3 c5 4. c3 Nf6 5. Be2 Bd7 6. Ne5 a6 7. Nxd7 Nbxd7 8. Nd2 c4 9. Bf3 e5 10. Be2 b5 11. dxe5 Nxe5 12. Nf3 Qd6 13. Nd4 g6 14. 0-0 Bg7 15. Bd2 0-0 16. f3 Nc6 17. a3 Rfe8 18. Re1 Nd7 19. Bf1 f5 20. Rb1 Be5 21. f4 Bg7 22. Qf3 Nf6 23. Rbd1 Re4 24. g3 Rae8 25. Bg2 R4e7 26. Qf1 Ne4 27. Bc1 Nxd4 28. exd4 Kf8 29. Bxe4 Rxe4 30. Rxe4 Rxe4 31. Re1 Qe6 32. Bd2 Rxe1 33. Qxe1 Qxe1+ 34. Bxe1 Kf7 35. Kf2 h5 36. h4 Bf8 37. Ke3 Ke6 38. Kd2 a5 39. Kc2 Kd7 40. Kb1 a4 1/2-1/2

[Event "Bad Sooden-Allendorf Seniors op 15th"]
[Site "Bad Sooden-Allendorf"]
[Date "2003.05.05"]
[Round "7"]
[White "Gilles, Walter"]
[Black "Karner, Irmgard"]
[Result "1-0"]
[WhiteElo "1671"]
[BlackElo "2171"]
[PlyCount "73"]
[EventDate "2003.05.??"]
[EventType "swiss"]
[EventRounds "9"]
[EventCountry "GER"]
[SourceTitle "EXT 2006"]
[Source "ChessBase"]
[SourceDate "2005.11.24"]
[SourceVersion "1"]
[SourceVersionDate "2005.11.24"]
[SourceQuality "1"]

1. e4 d6 2. d4 Nf6 3. Bd3 e5 4. d5 c5 5. c4 a5 6. Nc3 Bd7 7. a3 Be7 8. h3 0-0 9. f4 Ne8 10. Nge2 f6 11. 0-0 g6 12. Kh2 Ng7 13. Ng1 b6 14. fxe5 fxe5 15. Bh6 Na6 16. Qd2 Nc7 17. Rxf8+ Bxf8 18. Rf1 Be7 19. Qf2 Qe8 20. a4 Nh5 21. g4 Ng7 22. Nf3 Qf7 23. Qe2 Qe8 24. Qe1 Qd8 25. Qf2 Qe8 26. Ng5 Bxg5 27. Bxg5 h5 28. Qh4 Qc8 29. Bh6 Qd8 30. Bg5 Qc8 31. Be7 Nce8 32. Rf8+ Kh7 33. Be2 Qc7 34. gxh5 gxh5 35. Bxh5 Nxh5 36. Qxh5+ Kg7 37. Qf7+ 1-0

[Event "Bad Sooden-Allendorf Seniors op 15th"]
[Site "Bad Sooden-Allendorf"]
[Date "2003.05.02"]
[Round "4"]
[White "Karner, Irmgard"]
[Black "Didzuhn, Werner"]
[Result "0-1"]
[WhiteElo "2171"]
[BlackElo "1797"]
[PlyCount "80"]
[EventDate "2003.05.??"]
[EventType "swiss"]
[EventRounds "9"]
[EventCountry "GER"]
[SourceTitle "EXT 2006"]
[Source "ChessBase"]
[SourceDate "2005.11.24"]
[SourceVersion "1"]
[SourceVersionDate "2005.11.24"]
[SourceQuality "1"]

1. c4 Nf6 2. Nc3 g6 3. Nf3 Bg7 4. g3 d6 5. d4 0-0 6. Bg2 Nbd7 7. 0-0 e5 8. Bg5 h6 9. Bxf6 Bxf6 10. Nd5 Bg7 11. e3 c6 12. Nc3 Re8 13. Qc2 Qe7 14. dxe5 dxe5 15. e4 Nf8 16. Nd2 Ne6 17. Nb3 a5 18. a4 b6 19. Rfd1 Ba6 20. Bf1 Qb4 21. Na2 Qxa4 22. Qc3 Nd4 23. Nac1 Qb4 24. Nxd4 exd4 25. Qc2 Qe7 26. Bd3 c5 27. f4 Bb7 28. Re1 Qd7 29. Nb3 f5 30. Nd2 Qc6 31. Re2 Re7 32. Rae1 Rae8 33. h3 g5 34. fxg5 Qd6 35. Nf1 hxg5 36. exf5 Qc6 37. Be4 Rxe4 38. Rxe4 Rxe4 39. Rxe4 Qxe4 40. Qxe4 Bxe4 0-1

[Event "Wuerttemberg-ch Seniors 15th"]
[Site "Ellwangen"]
[Date "2003.04.17"]
[Round "7"]
[White "Karner, Irmgard"]
[Black "Woelbl, Josef"]
[Result "1-0"]
[WhiteElo "1767"]
[BlackElo "1731"]
[PlyCount "67"]
[EventDate "2003.04.??"]
[EventType "swiss"]
[EventRounds "9"]
[EventCountry "GER"]
[SourceTitle "EXT 2006"]
[Source "ChessBase"]
[SourceDate "2005.11.24"]
[SourceVersion "1"]
[SourceVersionDate "2005.11.24"]
[SourceQuality "1"]

1. c4 c5 2. Nc3 e6 3. Nf3 Nf6 4. d4 Nc6 5. e3 cxd4 6. Nxd4 a6 7. a3 Bc5 8. Nf3 0-0 9. Be2 Ne7 10. 0-0 d5 11. b4 Bb6 12. c5 Bc7 13. Bb2 Bd7 14. Rc1 Ng6 15. Qc2 h6 16. Bd3 Ne5 17. Be2 Nfg4 18. Nxe5 Nxe5 19. f4 Nc6 20. Rcd1 Ne7 21. Bd3 Qe8 22. Rde1 f5 23. Ne2 b6 24. Bd4 bxc5 25. Bxc5 Rf7 26. Bxe7 Rxe7 27. Qxc7 Bb5 28. Bxb5 axb5 29. Qe5 Rxa3 30. Nd4 Ra2 31. Rf2 Ra4 32. Rb2 Qd7 33. Rc1 Ra3 34. Rbc2 1-0

[Event "Wuerttemberg-ch Seniors 15th"]
[Site "Ellwangen"]
[Date "2003.04.15"]
[Round "5"]
[White "Karner, Irmgard"]
[Black "Schuler, Georg"]
[Result "0-1"]
[WhiteElo "1767"]
[BlackElo "1833"]
[PlyCount "97"]
[EventDate "2003.04.??"]
[EventType "swiss"]
[EventRounds "9"]
[EventCountry "GER"]
[SourceTitle "EXT 2006"]
[Source "ChessBase"]
[SourceDate "2005.11.24"]
[SourceVersion "1"]
[SourceVersionDate "2005.11.24"]
[SourceQuality "1"]

1. c4 Nf6 2. Nf3 g6 3. Nc3 Bg7 4. g3 0-0 5. Bg2 c5 6. 0-0 d5 7. cxd5 Nxd5 8. Nxd5 Qxd5 9. d3 Nc6 10. Qc2 Qd6 11. Bd2 Bg4 12. Bc3 Nb4 13. Qa4 Bd7 14. Qd1 e5 15. Nd2 Bc6 16. Nc4 Qe6 17. Bxb4 Bxg2 18. Kxg2 cxb4 19. Qd2 a5 20. b3 Rfd8 21. e4 Rd4 22. Qc2 Rc8 23. Qe2 b6 24. Rfe1 Bh6 25. Ne3 Bf8 26. Rac1 Bc5 27. Rc4 Rd6 28. Nd5 Kg7 29. h3 Rcd8 30. Rc2 h6 31. f3 R8d7 32. Rf1 g5 33. g4 Ra7 34. Rfc1 Rd8 35. Rb1 Qd6 36. Qd2 a4 37. Qe2 axb3 38. axb3 Rda8 39. Qd2 Ra3 40. Kg3 R8a7 41. Kg2 Ra1 42. Rxa1 Rxa1 43. Rc1 Ra3 44. Rb1 Qc6 45. Kg3 Qa8 46. Qc2 Ra2 47. Rb2 Ra1 48. Kg2 Rg1+ 49. Kh2 0-1

[Event "Bayern-ch Seniors 14th"]
[Site "Schloss Schney"]
[Date "2002.06.08"]
[Round "9"]
[White "Karner, Irmgard"]
[Black "Bierbach, Utz Friedrich"]
[Result "1/2-1/2"]
[WhiteElo "1724"]
[BlackElo "1770"]
[PlyCount "43"]
[EventDate "2002.05.31"]
[EventType "swiss"]
[EventRounds "9"]
[EventCountry "GER"]
[SourceTitle "EXT 2003"]
[Source "ChessBase"]
[SourceDate "2002.11.25"]
[SourceVersion "1"]
[SourceVersionDate "2002.11.25"]
[SourceQuality "1"]

1. c4 Nf6 2. Nc3 e6 3. Nf3 b6 4. g3 Bb7 5. Bg2 Be7 6. 0-0 0-0 7. d4 d5 8. cxd5 exd5 9. Bg5 Ne4 10. Bxe7 Qxe7 11. Rc1 Na6 12. e3 Nxc3 13. Rxc3 c5 14. Qd2 Rfd8 15. Rfc1 c4 16. a3 b5 17. b4 Nc7 18. Ne1 a5 19. Nc2 axb4 20. Nxb4 Ra4 21. Qe2 Rda8 22. Rb1 1/2-1/2

[Event "Bayern-ch Seniors 14th"]
[Site "Schloss Schney"]
[Date "2002.06.07"]
[Round "8"]
[White "Petzenhauser, Isfried"]
[Black "Karner, Irmgard"]
[Result "1-0"]
[WhiteElo "1876"]
[BlackElo "1724"]
[PlyCount "37"]
[EventDate "2002.05.31"]
[EventType "swiss"]
[EventRounds "9"]
[EventCountry "GER"]
[SourceTitle "EXT 2003"]
[Source "ChessBase"]
[SourceDate "2002.11.25"]
[SourceVersion "1"]
[SourceVersionDate "2002.11.25"]
[SourceQuality "1"]

1. d4 Nf6 2. Nc3 g6 3. e4 d6 4. Be2 Bg7 5. g4 e5 6. dxe5 Nxe4 7. Nxe4 Bxe5 8. f4 Bg7 9. Nf2 Bd7 10. Nf3 Bc6 11. 0-0 0-0 12. Rb1 a5 13. b3 Na6 14. a3 Re8 15. b4 axb4 16. axb4 Bd7 17. Bc4 Be6 18. Bxe6 fxe6 19. Bb2 1-0